000 00848nam a2200241Ia 4500
003 OSt
005 20220923212457.0
006 a|||||r|||| 00| 0
007 ta
008 220922b |||||||| |||| 00| 0 hin d
024 _a153,381
037 _cTextual
040 _aARTS
_cARTS
_bhin
041 _2hin
_ahin
082 _aO152v, M6;N3 (TTPH)
100 _aचतुर्वेदी, रामस्वरूप
245 0 _aहिन्दी साहित्य और संवेदना का विकास
246 _aHindī sāhitya aur sanvedanā kā vikāsa
260 _aइलाहाबाद
_b लोक भारती
_c1993
300 _a362 पृ.
_ccm.
942 _hO152v, M6;N3 (TTPH)
_cTEXL
_2CC
999 _c309027
_d309027